000 00768nam a2200217 a 4500
003 DO-SdBNP
005 20220829095459.0
007 ta
008 220826e200? dr aoc|gr|||| 001 e spa d
020 _a9789945809367
040 _aDO-SdBNP
_bspa
_cBNPHU
082 4 _222
_bJ36t
100 1 _91321
_aJáquez, José de Jesús
245 1 0 _aJose Jáquez: testimonio de momentos históricos:
_bsu paso por la comunidad educativa y aportes a Santiago Oeste. /
_cJosé Jáquez
260 _aSantiago de los Caballeros, República Dominicana :
_bEmilio Ureña,
_c[200?]
300 _a168 p. :
_bil., retr. ;
_c21 cm.
500 _aIncluye datos biográficos del autor en la solapa de la cubierta.
590 _aInventariado 2022 / MF
910 _aMFeliz
942 _2ddc
_cLBS1
999 _c52334
_d52334